| 000 | 00589nam a2200217 a 4500 | ||
|---|---|---|---|
| 001 | 86507 | ||
| 003 | BD-RjUL | ||
| 005 | 20260518143144.0 | ||
| 008 | 260518s1896 enk||||| |||| 00| 0 eng d | ||
| 035 | _a(BD-RjUL)86507 | ||
| 040 |
_aBD-RjUL _beng _cBD-RjUL |
||
| 041 | _aeng | ||
| 082 |
_223 _a843.7 _bBAC 1896 |
||
| 100 |
_aBalzac, Honoré de _918495 |
||
| 245 |
_aThe Civil Service / _cHonoré de Balzac |
||
| 250 | _aCaxton ed. | ||
| 260 |
_aLondon : _bThe Caxton Publishing Company ltd., _c1896 |
||
| 300 |
_a433 p.; _c22 cm. |
||
| 650 |
_aFrench fiction _918499 |
||
| 942 |
_2ddc _cBK |
||
| 999 |
_c86507 _d86507 |
||